| 000 | 00657nam a2200205Ia 4500 | ||
|---|---|---|---|
| 003 | GCL | ||
| 008 | 140319s9999 xx 000 0 ara d | ||
| 040 |
_aGCL / _cGCL |
||
| 082 | 0 | 4 |
_a816.03 _bس ر |
| 100 | 1 | _aسمير الهضيبى | |
| 245 | 1 | 0 |
_aرسائل من السجن: فى الحب والسياسة / _cسمير الهضيبى |
| 260 |
_a[S.N] : _bالزهراء للاعلام العربى ، _c1987 |
||
| 300 | _a292 ص | ||
| 490 | _a | ||
| 650 | 0 | 4 | _aالرسائل العربية |
| 650 | 0 | 4 | _aالرسائل فى الادب |
| 650 | 0 | 4 | _aالرسائل العربية الوصفية |
| 650 | 0 | 4 | _aالمجموعات |
| 942 |
_2ddc _cBK |
||
| 999 |
_c53256 _d53256 |
||